Memoria

Kaydedildi:
Detaylı Bibliyografya
Materyal Türü: Metin
Baskı/Yayın Bilgisi: San José: s. e.
Konular:
Etiketler: Etiketle
Etiket eklenmemiş, İlk siz ekleyin!

MARC

LEADER 00000 a a2200000 04500
001 28855
003
040
090 |a 190000  
245 |a Memoria  
260 |a San José:   |b s. e.  
300 |a 25 h  
650 |a SISTEMAS TRIBUTARIOS  
650 |a REFORMA TRIBUTARIA  
650 |a POLITICA FISCAL  
650 |a IMPUESTOS  
650 |a DOCUMENTOS DE REUNION  
999 |c 5053  |d 5053